| 000 -LEADER |
| fixed length control field |
00761nam a22001337a 4500 |
| 040 ## - CATALOGING SOURCE |
| Transcribing agency |
RUA |
| 082 ## - DEWEY DECIMAL CLASSIFICATION NUMBER |
| Classification number |
AGR SNG 2017 B630 Or.1 |
| 100 ## - MAIN ENTRY--AUTHOR NAME |
| Personal name |
SNGUON SAIYA,ស្ងួន សៃយ៉ា |
| 245 ## - TITLE STATEMENT |
| Title |
៌ឥទ្ឌិពលនៃការប្រើប្រាស់ផ្សិតជីវសាស្រ្តទ្រីកូឌឹម៉ានិងថ្នាំគីមីនៅលើជំងឺរលួយគល់ល់ដំណាំខាត់ណា effective of Trichhoderma harzianum AS biological and fungicide for controlling damping off on chinese kale |
| 260 ## - PUBLICATION, DISTRIBUTION, ETC. (IMPRINT) |
| Place of publication |
RUA |
| Name of publisher |
PHNOM PENH |
| Year of publication |
2017 |
| 300 ## - PHYSICAL DESCRIPTION |
| Number of Pages |
xii;41p |
| Other physical details |
ill; |
| Dimensions |
29cm |
| 856 ## - ELECTRONIC LOCATION AND ACCESS |
| Uniform Resource Identifier |
https://drive.google.com/file/d/1yn33N8CYow2-8FUefiKYq1mIxveIZHK3/view?usp=sharing |
| 942 ## - ADDED ENTRY ELEMENTS (KOHA) |
| Koha item type |
AGR |
| 952 ## - LOCATION AND ITEM INFORMATION (KOHA) |
| Withdrawn status [LOCAL, KOHA] |
0 |
| 952 ## - LOCATION AND ITEM INFORMATION (KOHA) |
| Withdrawn status [LOCAL, KOHA] |
0 |
| 952 ## - LOCATION AND ITEM INFORMATION (KOHA) |
| Withdrawn status [LOCAL, KOHA] |
0 |
| 952 ## - LOCATION AND ITEM INFORMATION (KOHA) |
| Withdrawn status [LOCAL, KOHA] |
0 |
| 952 ## - LOCATION AND ITEM INFORMATION (KOHA) |
| Withdrawn status [LOCAL, KOHA] |
0 |